| 000 | 00930nam a22002417a 4500 | ||
|---|---|---|---|
| 005 | 20080814104839.0 | ||
| 008 | 080814t xxu||||| |||| 00| 1 eng d | ||
| 010 | _aB-295973 | ||
| 020 |
_a0143334921 _c250.00 |
||
| 020 |
_a97801433334927 _c250.00 |
||
| 035 | _aB-295973 | ||
| 037 | _bUBH (Vender) | ||
| 040 |
_aDPL _bENG |
||
| 082 | _aN | ||
| 100 | _aBanerjee, Anjali | ||
| 245 |
_aMaya running / _cby Anjali Banerjee |
||
| 260 |
_aNew Delhi _bPuffin Books _c2005 |
||
| 270 |
_a11 Community Centre, Panchsheel Park _bNew Delhi _e110017 |
||
| 300 |
_a192p. _c20cm. (pbk) |
||
| 942 |
_2ddc _cEN _hN _mBAN |
||
| 999 |
_c26389 _d26389 |
||